000 00670nam a22002177a 4500
999 _c15636
_d15636
003 AR-CdUCM
008 190429b ||||| |||| 00| 0 spa d
020 _a9972-764-29-X
040 _aMUNICIPALIDAD PROVINCIAL DEL CUSCO
_cBIBLIOTECA MUNICIPAL DEL CUSCO
082 _aPI / 372.64 /
_bG53
245 _aEl globo mágico /
260 _aPerú :
_bNavarrete.
300 _bilustraciones,
_c24 cm.
440 _aCuentos Palacio Encantado.
_934768
650 _aCuentos infantiles
_93927
650 _aLiteratura infantil
_9588
650 _aAprendizaje
_92143
710 _aCorporación Gráfica Navarrete.
_933296
942 _2ddc
_cLIBROS
945 _aachl
_d2019-04-29